| 000 | 01054nam a2200337 a 4500 | ||
|---|---|---|---|
| 003 | AR-BaBNM | ||
| 005 | 20251128210940.0 | ||
| 008 | 082120s2002 ||||||||||||||000 | spa|| | ||
| 020 | _a84-493-1069-5 | ||
| 040 | _cAR-BaBNM | ||
| 100 | 1 | _aGalera, Antonio D. | |
| 245 | 0 | 0 |
_aManual de didáctica de la educación física _buna perspectiva constructivista integradora : funciones de impartición _n1 |
| 260 |
_aBarcelona _bPaidós _c2001 |
||
| 300 |
_a244 p. _bgráfs. |
||
| 490 | 0 |
_aEducación física _vv. 45 |
|
| 500 | _aContiene referencias bibliográficas | ||
| 500 | _aContiene índice de cuadros figuras y anexos | ||
| 650 | 4 | _aEDUCACION FISICA | |
| 650 | 4 | _aCOMUNICACION | |
| 650 | 4 | _aRELACION ALUMNO-DOCENTE | |
| 650 | 4 | _aPROCESO DE APRENDIZAJE | |
| 650 | 4 | _aMETODOS DE ENSEÑANZA | |
| 650 | 4 | _aEVALUACION DEL ALUMNO | |
| 650 | 4 | _aPLANIFICACION | |
| 650 | 4 | _aCOEDUCACION | |
| 653 | _aCONSTRUCTIVISMO | ||
| 653 | _aESTRATEGIAS DIDACTICAS | ||
| 800 | 1 |
_aPeire Fernández, Tomás _edirector |
|
| 942 | _cBK | ||
| 998 | _cRAQUEL | ||
| 999 |
_c17592 _d17592 |
||